BEYOND THE LAST BLUE MOUNTAIN: A LIFE OF JRD TATA (Record no. 9516)
[ view plain ]
| 000 -LEADER | |
|---|---|
| fixed length control field | 00326nam a22001457a 4500 |
| 003 - CONTROL NUMBER IDENTIFIER | |
| control field | SGT |
| 020 ## - INTERNATIONAL STANDARD BOOK NUMBER | |
| International Standard Book Number | 9780140169010 |
| 082 ## - DEWEY DECIMAL CLASSIFICATION NUMBER | |
| Classification number | 629.13092,LAL |
| 100 ## - MAIN ENTRY--PERSONAL NAME | |
| Personal name | LALA,R.M |
| 245 ## - TITLE STATEMENT | |
| Title | BEYOND THE LAST BLUE MOUNTAIN: A LIFE OF JRD TATA |
| 250 ## - EDITION STATEMENT | |
| Edition statement | 1ST |
| 260 ## - PUBLICATION, DISTRIBUTION, ETC. (IMPRINT) | |
| Place of publication, distribution, etc | NEW DELHI |
| Name of publisher, distributor, etc | PENGUIN |
| Year of Publication | 1993 |
| 300 ## - PAGE DESCRIPTION | |
| No. of Pages | 401 |
| 942 ## - ADDED ENTRY ELEMENTS (KOHA) | |
| Source of classification or shelving scheme | Dewey Decimal Classification |
| Koha item type | FCM Books |
| Withdrawn status | Lost status | Source of classification or shelving scheme | Damaged status | Not for loan | Collection code | Home library | Current library | Shelving location | Date acquired | Vendor Name | Cost, normal purchase price | SGTU | Bill Number | Full call number | Accession No. (Barcode) | Date last seen | Bill Date | Koha item type |
|---|---|---|---|---|---|---|---|---|---|---|---|---|---|---|---|---|---|---|
| Dewey Decimal Classification | Not For Loan | COMMERCE MANAGEMENT | SGT Science & Social Sciences Library | SGT Science & Social Sciences Library | Reference Book | 06/07/2016 | KIRTI PRAKASHAN | 550.00 | SGTU | 2186 | 629.13092,LAL | CM1409 | 06/07/2016 | 18/11/2015 | FCM Books |